| 000 | 00495nam a2200145Ia 4500 | ||
|---|---|---|---|
| 999 |
_c20076 _d20076 |
||
| 082 | _aRR.0006 | ||
| 100 | _aRaina, M.K. | ||
| 245 | 0 | _aSocial cultural changes in creative functioning in children : Final report | |
| 260 |
_c1984 _bNational Council for Educational Research and Training, New Delhi |
||
| 300 | _a31p. | ||
| 650 | _aSOCIAL CHANGE | ||
| 650 | _aCREATIVE ABILITY (CHILD PSYCHOLOGY) | ||
| 710 | _aNational Council for Educational Research and Training, New Delhi | ||
| 942 |
_cRP _2ddc |
||